书目信息 |
| 题名: |
新婚姻法释义与实用问答
|
|
| 作者: | 赵惜兵 主编 | |
| 分册: | ||
| 出版信息: | 长春 吉林人民出版社 2001.05 |
|
| 页数: | 327页 | |
| 开本: | 21cm | |
| 丛书名: | ||
| 单 册: | ||
| 中图分类: | D923.905 | |
| 科图分类: | ||
| 主题词: | 婚姻法--法律解释--中国 , 婚姻法 | |
| 电子资源: | ||
| ISBN: | 7-206-03725-9 | |
| 000 | 00736nam0 2200241 450 | |
| 001 | 0100006757 | |
| 005 | 20070609090955.77 | |
| 010 | @a7-206-03725-9@dCNY20.00 | |
| 100 | @a20011127d2001 ekmy0chiy0121 ea | |
| 101 | 0 | @achi |
| 102 | @aCN@b220000 | |
| 105 | @ay z 000yy | |
| 200 | 1 | @a新婚姻法释义与实用问答@Axin hun yin fa shi yi yu shi yong wen da@f赵惜兵主编@Fzhao xi bing zhu bian |
| 210 | @a长春@c吉林人民出版社@d2001.05 | |
| 215 | @a327页@d21cm | |
| 330 | @a本书肯定会存在一些缺点和不足,敬请读者批评指正. | |
| 606 | 0 | @a婚姻法@X法律解释@Y中国 |
| 606 | 0 | @a婚姻法 |
| 690 | @aD923.905@v4 | |
| 701 | 0 | @a赵惜兵@Azhao xi bing@4主编 |
| 801 | @acn@bbwkj@c20070609 | |
| 905 | @aBZT@dD923.905@e154 | |
| 906 | @dCNY20.00@n0@r1 | |
| 新婚姻法释义与实用问答/赵惜兵主编.-长春:吉林人民出版社,2001.05 |
| 327页;21cm |
| ISBN 7-206-03725-9:CNY20.00 |
| 本书肯定会存在一些缺点和不足,敬请读者批评指正. |
| ● |
| 相关链接 |
|
|
|
正题名:新婚姻法释义与实用问答
索取号:D923.905/154
 
预约/预借
| 序号 | 登录号 | 条形码 | 馆藏地/架位号 | 状态 | 备注 |
| 1 | 460162 | 230063265 | 中心书库南/013架B面1层9列/ [索取号:D923.905/154] | 在馆 | |
| 2 | 460163 | 230063266 | 中心书库南/013架B面1层9列/ [索取号:D923.905/154] | 在馆 | |
| 3 | 460164 | 230063267 | 中心书库南/013架B面1层9列/ [索取号:D923.905/154] | 在馆 | |
| 4 | 460165 | 230063268 | 中心书库南/013架B面1层9列/ [索取号:D923.905/154] | 在馆 | |
| 5 | 460166 | 230063269 | 中心书库南/013架B面1层9列/ [索取号:D923.905/154] | 在馆 | |
| 6 | 549438 | 230135747 | 中心书库南/013架B面1层9列/ [索取号:D923.905/154] | 在馆 | |
| 7 | 549439 | 230135746 | 中心书库南/013架B面1层9列/ [索取号:D923.905/154] | 在馆 | |
| 8 | 549440 | 230135745 | 中心书库南/013架B面1层9列/ [索取号:D923.905/154] | 在馆 | |
| 9 | 549441 | 230135744 | 中心书库南/013架B面1层9列/ [索取号:D923.905/154] | 在馆 | |
| 10 | 549442 | 230135743 | 中心书库南/013架B面1层9列/ [索取号:D923.905/154] | 在馆 | |
| 11 | 549443 | 230135742 | 中心书库南/013架B面1层9列/ [索取号:D923.905/154] | 在馆 | |
| 12 | 549444 | 230135741 | 中心书库南/013架B面1层9列/ [索取号:D923.905/154] | 在馆 | |
| 13 | 549445 | 230135740 | 中心书库南/013架B面7层8列/ [索取号:D923.905/154] | 在馆 | |
| 14 | 549446 | 230135739 | 中心书库南/013架B面1层9列/ [索取号:D923.905/154] | 在馆 | |
| 15 | 549447 | 230135738 | 中心书库南/013架B面1层9列/ [索取号:D923.905/154] | 在馆 |